| 000 | 00429nam a22001697a 4500 | ||
|---|---|---|---|
| 005 | 20180725103230.0 | ||
| 008 | 160517b xxu||||| |||| 00| 0 eng d | ||
| 020 | _a978-81-203-3563-3 | ||
| 041 | _aeng | ||
| 082 |
_b2462 _a658.3 |
||
| 100 |
_aStephen P Robbins and Timothy, Judge A _94614 |
||
| 245 | _aOrganisational Behaviour | ||
| 260 |
_aNew Delhi _bPHI, _c2007 |
||
| 300 | _a671p, | ||
| 650 |
_aManagement _9241 |
||
| 942 | _cBK | ||
| 999 |
_c890 _d890 |
||